Cargando...

Cable advertising: New ways to new business

Detalles Bibliográficos
Autor principal: Jones, Kensinger, et.al
Formato: Printed Book
Publicado: Prentice Hall: NJ 1986
Materias:
LEADER 00538nam a2200193 4500
020 |a 131098284  |c 225 
082 |a 659 JON 
100 |a Jones, Kensinger, et.al. 
245 |a Cable advertising: New ways to new business  |c Jones, Kensinger, et.al. 
250
260 |a Prentice Hall: NJ  |c 1986 
300 |a 148 p 
490
500
590
650 |a Advertising 
942 |c BK 
999 |c 134100  |d 134100 
952 |0 0  |1 0  |4 0  |6 659_000000000000000_JON  |7 0  |9 147560  |a IMK  |b IMK  |g 225.00  |l 0  |o 659 JON  |p IMK01107  |r 2019-10-25  |w 2019-10-25  |y BK